Industrielle Organisation Management Zeitschrift

Guardado en:
Detalles Bibliográficos
Formato: Seriadas
Lenguaje:alemán
Publicado: Zürich Eidg. technische Hochschule 1966
Etiquetas: Agregar Etiqueta
Sin Etiquetas, Sea el primero en etiquetar este registro!

MARC

LEADER 00000nas2a2200000 4500
001 0016287
005 20250730114344.4
041 0 |a ger 
044 |a CH 
245 1 0 |a Industrielle Organisation  |b Management Zeitschrift 
264 1 |a Zürich  |b Eidg. technische Hochschule  |c 1966 
300 |a 2 zv. 
773 0 |w eu_un_cat*s123707